000
00237nam a22000977a 4500
999
_c
11702
_d
11702
008
200110b ||||| |||| 00| 0 eng d
020
_a
059030271X
100
_a
White E.B.
_9
7400
245
_a
Charlotte's Web
260
_a
New york
_b
Scholastic